[Event "EU-chT (Men) 13th"]
[Site "Leon"]
[Date "2001.11.13"]
[Round "7.3"]
[White "Romanishin, Oleg M"]
[Black "Jobava, Baadur"]
[Result "1/2-1/2"]
[WhiteElo "2575"]
[BlackElo "2556"]
[Annotator "Hazai,L"]
[PlyCount "103"]
[EventDate "2001.11.06"]
[EventType "team-swiss"]
[EventRounds "9"]
[EventCountry "ESP"]
[SourceTitle "CBM 086"]
[Source "ChessBase"]
[SourceDate "2002.02.05"]
[SourceVersion "1"]
[SourceVersionDate "2002.02.05"]
[SourceQuality "1"]
[WhiteTeam "Ukraine"]
[BlackTeam "Georgia"]
[WhiteTeamCountry "UKR"]
[BlackTeamCountry "GEO"]

1. Nf3 Nf6 2. g3 g6 3. Bg2 Bg7 4. O-O O-O 5. d4 d6 6. a4 Nc6 {Black ignores
the "threat" of a4-a5.} (6... a5 {- Badea-Iordachescu, Bucharest 2001 CBM 82})
7. a5 {This is the consistant move.} (7. d5 {is met by} Nb4 {and Black will
immediately attack >< d5.} 8. Nc3 c6 9. e4 cxd5 10. exd5 Bf5 11. Nd4 Bg4 12.
Qd2 Qd7 13. Re1 Rfe8 $13 {Simagin-Boleslavsky, SU 1966}) (7. Nc3 $5 {
Mikhalchishin} a5 $5 {deserves attention.} (7... Bg4 {is usually not so
logical here.} 8. d5 Nb4 9. Nd4 Nd7 10. Be3 $14) (7... e5 8. dxe5 dxe5 9. Bg5
h6 10. Be3 Qe7 11. Qc1 Kh7 12. Rd1 Be6 13. a5 a6 14. Ne1 Rab8 15. Nd3 Nd7 16.
Nd5 Bxd5 17. Bxd5 Nd4 18. Re1 e4 19. Nf4 c6 20. Ba2 Ne5 21. c3 {1/2-1/2
Smyslov-Sax, Graz 1984})) (7. Na3 e5 8. dxe5 dxe5 9. Qxd8 Rxd8 10. c3 h6 {
1/2-1/2 Lopez Martinez-Herraiz Lopez, Cala Galdana 1999}) 7... d5 {Black
changes the P structure, but loses some tempi. The N on c6 is not effective
here.} ({The "automatic" reply} 7... a6 $143 $6 {allows White to gain control
over the <<.} 8. d5 $1 (8. Nc3 e5 9. dxe5 dxe5 {- 7...e5}) 8... Nb8 (8... Nb4
$2 {now loses in view of} 9. c3 $1 Nbxd5 10. e4 $18) (8... Na7 9. c4 {Now the
N is inferior on the edge of the board.} (9. Nd4 {runs into the freeing move}
e5 10. dxe6 fxe6 11. c4 e5 $132 {Kengis-Sieglen, Bonn 1993}) 9... c5 10. Nc3
Nd7 11. Bf4 b5 12. axb6 Qxb6 13. Qc2 $14 {Garcia Ilundain-Fernandez Ramos,
Leon 1998}) 9. c4 (9. Nc3 e5 10. Na4 {/\ c4 advancing on the <<.} Nbd7 11. c4
b5 12. axb6 cxb6 13. Nc3 Bb7 {The B has no perspectives here at all.} 14. b3
Qc7 15. Bb2 Nc5 16. Nd2 Ne8 17. b4 Nd7 18. e4 $16 {Torre-Datu, Manila 1997})
9... e6 (9... c6 {is the other try to attack White's [+].} 10. Nc3 e6 11. e4
exd5 12. cxd5 Re8 13. Nd2 cxd5 14. exd5 {The d5 P secures the big space
advantage.} Qc7 15. Qb3 Bf5 16. Nc4 {targeting >< b6 and d6.} Nbd7 17. Bf4 $16
{Rubinetti-Garcia Toledo, Sao Paulo 1993}) 10. Nc3 exd5 (10... Re8 11. Nd4 e5
12. Nc2 e4 {Black has to find some counterplay on the >>, otherwise his
position remains utterly passive.} 13. Ne3 Nbd7 14. Qc2 Qe7 15. Bd2 h5 16. Rac1
h4 17. b4 {White is quietly preparing the breakthrough on the << without
fearing an -> on the other flank.} hxg3 18. hxg3 Qe5 19. Rfe1 {/\ Nf1
activating the dark-squared B.} Bf8 20. Nf1 Qf5 21. Be3 Bg7 22. Red1 Ne5 23.
Nxe4 Nxe4 24. Qxe4 Qh5 25. f3 $16 {Grivas-Iordachescu, Yerevan 1996}) (10... c6
{- 9...c6}) 11. cxd5 Re8 12. Bg5 Nbd7 13. Qc1 {securing the pin on the h4-d8 /
^.} Nc5 14. Ra3 Bd7 15. Nd2 {/\ b4} b6 16. b4 Nb7 {The N is awful here.} 17.
Nce4 $16 {Makarov-Loskutov, Tomsk 1998}) (7... Bf5 8. a6 $5 {White has to
continue his plan pushing the a P as far as possible.} ({Chasing the B doesn't
lead to any advantage after} 8. Nh4 Be4 9. f3 Bd5 10. Nc3 Bc4 $13) (8. Nc3 Nb4
9. Ne1 $5 {/\ e4} d5 $13) 8... bxa6 {Now Black's P structure is shattered on
the <<.} (8... b6 9. d5 Nb4 10. Nd4 $16) 9. Nh4 $1 (9. c3 Bxb1 10. Rxb1 Rb8 11.
d5 Na5 12. Nd4 c5 13. dxc6 e5 14. Nc2 d5 15. Nb4 Rb5 16. Bg5 e4 17. Qd4 Nb3 18.
Qxa7 a5 19. Nc2 $14 {Arsovic-Ilincic, Ulcinj 1997}) 9... Be4 10. f3 (10. Bxe4
Nxe4 11. c3 a5 12. Qa4 $5 {/\ d5}) 10... Bd5 11. Rxa6 Nb4 12. Ra4 Qb8 (12... a5
$2 13. c3 Nc6 14. e4 $18) 13. e4 (13. c3 {is met by the unusual} Na2 $5 14. c4
Nxc1 15. cxd5 Qb3 $1 16. Nc3 Qxd1 17. Rxd1 Nb3 $13) 13... Bc6 14. Ra3 Bb5 15.
Rf2 Nd7 (15... c5 $5) 16. Nc3 c5 17. Nxb5 Qxb5 18. Bf1 Qb6 19. c3 Nc6 20. d5
Ncb8 21. Ng2 $16 {Mikhalchishin-Weindl, Bern 1996 67/(80)}) (7... e6 $5 {
Mikhalchishin}) (7... Rb8 {looks a bit sophysticated.} 8. d5 (8. c3 e6 {
This plan is "too" flexible.} (8... e5 $5) 9. Nbd2 Ne7 10. e4 d5 11. Qe2 b6 {
(C.Foisor-Zielinska, Ostrava 1999)} 12. e5 $14) 8... Nb4 9. c4 (9. c3 Na6 (9...
Nbxd5 $4 10. e4 $18) 10. Be3 Ra8 {This setup is hard to believe...} 11. Na3 Bd7
12. Nd4 Qc8 13. Re1 (13. b4 Bh3 14. Qb3 Bxg2 15. Kxg2 c6 16. dxc6 bxc6 17. Nf3
Nd5 18. Bd2 Qb7 19. Rab1 Rab8 $13 {Kengis-Neidhardt, BL 1993}) 13... c6 14.
dxc6 bxc6 15. b4 e5 16. Ndc2 d5 17. c4 d4 18. Bg5 Bh3 19. Bxf6 Bxf6 20. e3 Bxg2
21. Kxg2 Rd8 22. exd4 exd4 23. Qf3 Kg7 $13 {Hergott-Levtchouk, Montreal 1996})
9... c5 10. Nc3 e5 $5 $13 {Black has to play finally on the >> in the King's
Indian.} (10... b6 11. axb6 Qxb6 12. e4 Ba6 13. Qe2 Nd7 14. Bf4 Qc7 15. Rac1 e6
16. dxe6 fxe6 17. Ng5 Rfe8 18. Bh3 e5 19. Be3 $14 {Gelashvili-Zulfugaryi,
Batumi 1999})) ({attacking the [+] by the standard way with} 7... e5 {seems to
be more logical.} 8. dxe5 (8. d5 Nb4) (8. a6 e4 9. axb7 Bxb7 10. Ng5 d5 $132)
8... dxe5 9. Nc3 $5 (9. Nfd2 Qe7 10. a6 e4 11. axb7 Bxb7 12. Nb3 Rad8 13. Qe1
Nd5 14. Na3 Ba6 $36 {Rubinetti-Sorin, Buenos Aires 1999}) (9. a6 e4 10. Ng5 Qe7
11. axb7 Bxb7 {Black's P structure is a little bit weakened, but his pieces
are rather active.} 12. c3 h6 13. Nh3 {(Kengis-Raimbert, Yerevan 1996)} Rfd8
$13) 9... Qe7 $5 (9... a6 10. Be3 Bf5 11. Qc1 Qc8 12. Rd1 Rd8 13. Rxd8+ Qxd8
$11 {Asanov-Kupreichik, Katowice 1991})) 8. Nbd2 {This looks a bit slow.} (8.
Bf4 Bf5 9. Ne5 {Now the B will be excellent on e5, but exchanging the bad N on
c6...} Nxe5 10. Bxe5 Qd7 11. Re1 {preserving the good B looks better.} (11. Nc3
c6 12. Na4 Qc8 13. Ra3 Bh3 $11 {and after exchanging his strategically "bad" B
Black can successfully defend his position, Armbruster-Van der Weide, Senden
2000.}) 11... Bh3 12. Bh1 c6 13. Nd2) 8... Bf5 (8... Ne4 {trying to grab the
|^ in the [+] was worthy of consideration.} 9. Nb3 e5 10. Nxe5 Nxe5 11. dxe5
Bxe5 {Now grabbing the P has it's consequences:} 12. f3 Nf6 13. f4 Bd6 14. Bxd5
Bh3 (14... Nxd5 15. Qxd5) 15. Re1 Bb4 16. Bxb7 Bxe1 17. Qxe1 Rb8 18. a6 Re8 $40
) 9. Nb3 Qc8 (9... Nb4 10. Ne1 (10. c3 Bc2 11. Qe1 Bxb3 12. cxb4 Ne4 {looks
better than in the game, see later!}) 10... Qc8 11. c3 Na6 {and the N is not
so active on e1.}) 10. Ne5 Nb4 11. c3 Na6 (11... Bc2 {is now not so effective,
as before:} 12. Qd2 (12. Qe1 Bxb3 13. cxb4 Nd7 14. Qc3 {- 12.Qd2}) 12... Bxb3
13. cxb4 Nd7 14. Qc3 Nxe5 15. Qxb3 Nc6 16. e3 e6 17. b5 $14 {White has the ^^
and the |^ on the <<.}) 12. Re1 Rd8 {This is an unnecessary preparation.} (
12... c5 $5 {immediately looks crisper.}) 13. Be3 Ne4 14. Nd3 (14. f3 Nd6)
14... c6 15. f3 Nd6 16. Bf2 (16. Bf4 {allows the counterattack in the [+] after
} Nc4 17. e4 dxe4 18. fxe4 Bg4 19. Qc1 e5 $1 20. Nxe5 Nxe5 21. Bxe5 Bxe5 22.
dxe5 Qe6 $11) 16... Bxd3 17. Qxd3 (17. exd3 $1 {securing White's dominance in
the [+] looks more to the point, although Black's position remains a tough nut
to crack.} e6 18. f4 Nc7 19. Nd2 $14) 17... e5 {Now Black can solve his
problems in the [+].} 18. dxe5 Bxe5 (18... Nc4 $6 {is useless because of} 19.
f4 Nxb2 20. Qc2 Nc4 21. e4 $14) 19. f4 Bg7 20. e4 {This looks premature.} (20.
Bd4 Re8 (20... Qf5 21. Bxg7 Kxg7 22. Nd4 Qxd3 23. exd3 Re8 (23... Nc5 24. a6 $1
) 24. b4 $14) 21. Bxg7 Kxg7 $11) (20. Nd2 $5 {/\ e4 preserving the ^^ looks a
bit better.} Re8 (20... Nf5 21. Bh3 $14) 21. e4 Nxe4 22. Nxe4 dxe4 23. Rxe4 $14
{^^}) 20... dxe4 21. Bxe4 Qe6 $6 ({missing the aggressive} 21... c5 $1 22. Qf3
Nxe4 23. Qxe4 c4 $1 {/\ Nc5 >< d3 activating the N on the edge of the board.}
24. Nd4 Nc5) 22. Qc2 Nxe4 23. Rxe4 Qf5 24. Rae1 {White has some pressure on
the e <->, and >< a7 is also weak.} h5 (24... Nc7 {allows} 25. Nc5 Rab8 26. Qe2
b6 27. axb6 axb6 28. Nd3 $14) 25. Qe2 (25. Bd4 Bxd4+ 26. Nxd4 Qf6) 25... Qd5
26. Nd4 $6 {Now the situation will be changed.} (26. c4 Qd6 27. f5 $14 {
grabbing the |^ on the >> was preferable.} (27. Re7 Qb4)) 26... Nc5 27. Re3 (
27. Re7 Bf6 28. Rc7 {looks rather dangerous in a practical game.} Qd6) 27...
Bxd4 28. cxd4 Ne6 {Suddenly White's P structure is ruined, and faces the
prospects of a strong N versus weak B _|_.} 29. Re4 (29. Re5 Nxd4 $1) 29... Rd6
(29... Qxa5 $2 {allows White to attack the K immediately.} 30. Rxe6 $1 fxe6 31.
Qxe6+ Kg7 32. Qe7+ Kg8 {and Black is happy with the draw by perpetual.}) 30.
Qc2 Rad8 (30... Qxa5 $2 {is again met by} 31. Rxe6 $1) 31. Re5 {Forcing Black
to liquidate to an equal _|_.} Nxd4 32. Rxd5 Nxc2 33. Rxd6 Rxd6 34. Re7 Rd5 35.
Rxb7 Rxa5 36. Bxa7 (36. Rxa7 Rb5 (36... Rxa7 37. Bxa7) 37. Rc7 $11) 36... Kg7 (
36... Rd5 $11) 37. Kf2 (37. Bb8 $5) 37... Kf6 (37... Rd5 $11) 38. Ke2 c5 $2 (
38... Ke6 39. Kd3 Ne1+ 40. Kc4) ({This was the last chance for} 38... Rd5 {
cutting off the white K from the <<.}) 39. Kd3 Nd4 40. Bxc5 $6 {Liquidating to
a R _|_ is usually not the best way converting an advantage.} (40. b4 $1 Ra3+
41. Kc4 {was required!}) 40... Rxc5 41. Kxd4 Rc2 {This _|_ is theoretically
drawish.} 42. h4 Rg2 43. Rb3 Kf5 44. Rb5+ Ke6 45. f5+ (45. Rb3 Kf5) 45... gxf5
46. Rb6+ Ke7 47. Ke5 Rxg3 48. Rb7+ Kd8 49. Rb4 f4 50. Rd4+ Ke7 51. Rxf4 Rb3 52.
Rf2 1/2-1/2

[Event "Yerevan zt 1.5"]
[Site "Yerevan"]
[Date "2000.06.13"]
[Round "7"]
[White "Nalbandian, Tigran"]
[Black "Banikas, Hristos"]
[Result "1/2-1/2"]
[WhiteElo "2448"]
[BlackElo "2535"]
[Annotator "Hazai,L"]
[PlyCount "96"]
[EventDate "2000.06.07"]
[EventType "swiss"]
[EventRounds "9"]
[EventCountry "ARM"]
[SourceTitle "CBM 078"]
[Source "ChessBase"]
[SourceDate "2000.10.18"]
[SourceVersion "1"]
[SourceVersionDate "2000.10.18"]
[SourceQuality "1"]

1. Nf3 Nf6 2. g3 g6 3. b3 Bg7 4. Bb2 d6 5. d4 c5 6. c4 Ne4 {/\ Qa5 Black wants
to exploit the /^ e1-a5, since White hasn't castled yet.} 7. Bg2 (7. Nfd2 Qa5
8. Bg2 {- 7.Bg2} (8. e3 {- 7.e3})) (7. Qc1 {allows Black to liquidate for a
comfortable _|_.} Qa5+ 8. Nbd2 Nxd2 9. Qxd2 Qxd2+ 10. Kxd2 Nc6 {Black has an
enormous pressure on >< d4.} 11. e3 Bg4 {This is the consistant reply
maximizing the pressure on >< d4.} (11... O-O 12. Ke1 e5 13. d5 Ne7 {gives the
game a closed character with chances for both sides.} 14. Nd2 Bd7 15. Ne4 Nc8
16. Be2 h6 17. g4 Kh7 18. Rg1 f5 19. gxf5 Bxf5 20. Ng3 Ne7 $13 {
D'Amore-Epishin, New York 1990}) 12. Be2 (12. Bg2 O-O 13. Kc1 Bxf3 14. Bxf3
cxd4 15. Bxc6 bxc6 16. exd4 d5 $11 {>< d4, Blatny-Shaked, Hawaii 1997}) 12...
Rb8 13. Kc1 cxd4 14. Nxd4 h5 15. f3 Bd7 16. Nxc6 Bxb2+ 17. Kxb2 bxc6 18. Kc3 c5
$11 {with a fully equalized position, Kortschnoi-Kasparov, Paris 1990.}) (7. e3
{is very passive.} Qa5+ 8. Nfd2 Nc6 9. Bg2 Nxd2 10. Qxd2 Qxd2+ 11. Nxd2 cxd4
12. Bxc6+ bxc6 13. Bxd4 e5 $15 {^^, and chances for a march in the [+],
Kapelan-P.Popovic, Vrsac 1981.}) 7... Qa5+ 8. Nfd2 {White wants to liquidate
the impertinent N on e4.} (8. Nbd2 {allows Black to insert more pressure on ><
d4.} Nc6 9. e3 O-O 10. a3 (10. O-O Nxd2 11. Qxd2 Qxd2 12. Nxd2 cxd4 13. Bxc6
dxe3 $1 {This intermediate move wins simply a P.} 14. Bxg7 Kxg7 15. Bf3 exd2
16. Rfd1 Rb8 17. Rxd2 Be6 $19 {Lechtynsky-Knaak, Trnava 1983}) 10... Nxd2 11.
Qxd2 Qxd2+ 12. Kxd2 Bg4 $1 {All the black pieces attack >< d4.} (12... Na5 13.
Kc3 b5 14. cxb5 Bb7 15. b4 {1/2-1/2 Z.Polgar-Chiburdanidze, Bilbao 1987}) 13.
Kc1 Na5 14. Nd2 Rab8 15. dxc5 dxc5 16. Bxg7 Kxg7 17. h3 Be6 18. a4 Rfd8 $15 {
and already White has to defend himself very carefully, Smyslov-Chiburdanidze,
Vienna 1993.}) 8... Nxd2 9. Bc3 Qb6 {This seems to be the best reply here
leading to wild complications.} (9... Nxc4 $2 {sacrifices the Q for two pieces
and a P, but this cannot be enough.} 10. Bxa5 Nxa5 11. Nc3 Nac6 (11... O-O 12.
Nd5 Nbc6 13. dxc5 dxc5 14. Rc1 Rd8 15. Rxc5 e6 16. Ne7+ Kf8 17. Qxd8+ Nxd8 18.
Rxc8 Rxc8 19. Nxc8 $18 {Dizdarevic-Blees, Strasbourg 1994}) 12. e3 O-O 13. Nb5
a6 14. Nc7 Ra7 15. dxc5 dxc5 16. Nd5 Bg4 17. Qxg4 Bxa1 18. O-O Bg7 19. Nb6 $16
{Kurajica-Fernandez Garcia, Zaragoza 1994}) (9... Nf3+ $2 10. Bxf3 Qb6 11. dxc5
Bxc3+ 12. Nxc3 {and suddenly White has the lead of development.} Qxc5 13. Nd5
Na6 14. Qd2 Be6 15. Qc3 Rg8 16. b4 Qc8 17. O-O $16 {Dizdarevic-Lanka, Portoroz
1993}) (9... Nxb3 $6 {is a similar Q sacrifice to 9...Nxc4, but the evaluation
is the same.} 10. Bxa5 Nxa5 11. Qa4+ Nac6 12. Nd2 O-O 13. Rb1 cxd4 14. O-O Nd7
15. Qa3 {(Psakhis-Magerramov, SU 1978)} Nc5 $1 $44 {Geller} 16. Nb3 $1 $14) 10.
dxc5 Nxb1 $1 {This is the point!} 11. Bxg7 (11. cxb6 $2 Bxc3+ 12. Kf1 Bxa1 13.
Qxb1 Bg7 $17) 11... Qb4+ 12. Kf1 Nd2+ 13. Kg1 Rg8 {This is the critical
position of this whole variation.} 14. Bd4 (14. Bh6 {is another sharp
alternative.} Nxc4 (14... g5 15. h4 Bf5 $1 {Black has to activate his pieces
as quickly as possible.} (15... Nxc4 16. bxc4 Qxc5 17. hxg5 {Now materially it
is equal again.} Nc6 18. Rb1 a6 (18... Qxc4 19. Bd5) 19. Qa4 Kd8 20. g6 hxg6
21. Be3 Nd4 22. Bxd4 Qxd4 23. Bxb7 $18 {Sulava-C.Foisor, Saint Affrique 1998})
16. Bxg5 Ne4 17. Qd3 h6 (17... Nd7 $2 18. Bxe4 Nxc5 {founders on} 19. Bc6+ $1)
18. Bxe4 Bxe4 19. Qxe4 hxg5 20. cxd6 Nc6 21. dxe7 gxh4 22. Rxh4 Qxe7 $13 {
and although White has three pawns for the piece, they are not very dangerous.}
) 15. bxc4 Qxc5 16. Be3 {White has sacrificed a P, but he has a strong ^^ and
some lead of development. However his R on h1 is rather bad, and he has
additional structural weaknesses on the <<.} Qc7 17. h4 Bd7 18. h5 Bc6 19. hxg6
hxg6 20. Bd5 {(Dizdarevic-Jacimovic, Struga 1995)} e6 $1 21. Bxc6+ Nxc6 $15)
14... Bf5 {Now it seems Black has solved his opening problems.} (14... Nc6 {
1/2:1/2 Bistric-Stohl, Pula 1998} 15. a3 Qxb3 16. Qxd2 Qxc4 17. Be3 dxc5 18.
Rc1 $44 {and the ^^ on the opened diagonals compensates the material loss.}) (
14... dxc5 15. Be3 Nxc4 16. bxc4) 15. a3 Qxb3 16. Qxd2 dxc5 17. Bxc5 (17. Qe3
Qxe3 18. Bxe3 Nc6 19. Bxc5 Rc8 $11 {>< c4, a3}) 17... Na6 18. Be3 (18. Qe3 Nxc5
19. Qxc5 Rd8 $11) 18... Rd8 19. Qe1 b6 20. h3 {This is a bit slow.} (20. Bd5 $5
) 20... f6 (20... Qxc4 21. Rc1 Bc2 22. Kh2 $44) 21. Bb7 Bc8 22. Bd5 e6 23. Bf3
Rg7 {Now Black has finished his development, and White's << pawns are still
weak.} 24. Rb1 Qxa3 ({or perhaps} 24... Qxc4 25. Rc1 Qb3) 25. Kh2 Rc7 26. Bc1
Qe7 27. Qc3 {White has no real compensation for the P.} Kf7 ({Both} 27... Bb7
$17) ({and} 27... e5 $17 {were rather annoying for White.}) 28. Qe3 (28. Ba3
Nc5) 28... Qc5 (28... Bb7 29. Ba3 $1) (28... Nc5 $5 {blockading >< c5.} 29. Ba3
Kg8 $17 {and White has to show something for the sacrificed P.}) 29. Qh6 Kg8 (
29... Qxf2+ $6 {opens up the f <-> against his own K.} 30. Bg2 Kg8 31. Rf1 Qxe2
32. Rxf6 Bb7 33. Rb2 $40) 30. Be3 Qf8 31. Qh4 Bb7 (31... g5 32. Qh5) 32. Bxb7
Rxb7 33. Rb5 Rc7 $2 {Now Black's pieces will lose their harmony.} (33... Rbd7
34. Ra1 Nc7 35. Rb3 Ne8 $17 {was still clearly better for Black.}) 34. Ra1 Nb8
35. c5 $1 bxc5 36. Qc4 Qf7 37. Rxc5 Rdc8 $6 {Now White wins back the P.} (37...
Rxc5 38. Bxc5 a6 {was the last try fighting for an advantage.}) 38. Rxa7 $1 {
Now Black has to fight for the draw.} Rxc5 39. Bxc5 Qe8 (39... Qxa7 $2 40.
Qxe6+ $18) 40. Qd4 {This allows Black to come out of passivity.} (40. Qh4 Nd7
41. Bd6 {was worth trying.}) 40... Nc6 $1 $11 41. Qxf6 Nxa7 42. Bd4 {White has
no more than perpetual checks.} e5 43. Bxe5 Qf8 44. Qh8+ Kf7 45. Qf6+ Ke8 46.
Qe6+ Qe7 47. Qg8+ Qf8 48. Qe6+ Qe7 1/2-1/2